000 00651nam a2200229 i 4500
001 C2-0307481
003 PPAK
005 20180728094217.0
008 110220s1973 io |||| ||||| | may d
040 _aPPAK
_beng
_cPPAK
_erda
082 0 4 _a899.2211
_223
090 0 0 _a899.2211
_bARI
_dKIH
100 1 _aAriffin, syamsul,
_eauthor
245 1 0 _aPagi dan cuaca yang ranum
_bPuisi-puisi syamsul ariffin
264 1 _aIndonesia :
_bOda nusantara malang ,
_c1973
300 _a32 pages ;
_c19 cm
336 _2rdacontent
_atext
337 _2rdamedia
_aunmediated
338 _2rdacarrier
_avolume
650 1 0 _aIndonesian poetry
942 _ddc
_cB
999 _c110242
_d110242